Nem tovább a halálnál : válogatott írások I. : versek, elbeszélések, szatírák, kisregények, vallomások /
Uložené v:
| Hlavný autor: | |
|---|---|
| Ďalší autori: | |
| Médium: | Kniha |
| Jazyk: | Hungarian |
| Vydané: |
Dunaszerdahely :
Nap Kiadó,
2004
|
| Vydanie: | 1. kiad. |
| Témy: | |
| ISBN: |
8089032397 (brož.) |
| Fyzický popis: |
347 s. : obr. ; 23 cm |
| Tagy: |
Pridať tag
Žiadne tagy, Buďte prvý kto otaguje tento záznam!
|
Titul je dostupný aj v ... 

MARC
| LEADER | 00000nam a2200000 a 4500 | ||
|---|---|---|---|
| 001 | 000000592 | ||
| 005 | 20040615074235.0 | ||
| 008 | 040615s2004 xo c e 000 p huno | ||
| 020 | |a 8089032397 (brož.) | ||
| 040 | |a SVKKK |b slo |c SVKKK |e AACR2 | ||
| 041 | 0 | |a hun | |
| 044 | |a xo |c SK | ||
| 072 | 7 | |a 821.511.1 |x Ugrofínske literatúry |2 konspekt | |
| 080 | |a 821.511.141-1 |2 1997 | ||
| 080 | |a 821.511.141-32 |2 1997 | ||
| 080 | |a (0:82-1) |2 1997 | ||
| 080 | |a (0:82-32) |2 1997 | ||
| 100 | 1 | |a Mészáros, Károly, |d 1941-2002 |4 aut | |
| 245 | 1 | 0 | |a Nem tovább a halálnál : |b válogatott írások I. : versek, elbeszélések, szatírák, kisregények, vallomások / |c Mészáros Károly ; válogatta, szerkesztette és az utószót írta Tóth Lázsló |
| 250 | |a 1. kiad. | ||
| 260 | |a Dunaszerdahely : |b Nap Kiadó, |c 2004 | ||
| 300 | |a 347 s. : |b obr. ; |c 23 cm | ||
| 500 | |a Portrét na fronte | ||
| 655 | 7 | |a maďarská poézia |2 SVKKKPH | |
| 655 | 7 | |a maďarské poviedky |2 SVKKKPH | |
| 655 | 7 | |a umelecká literatúra |2 SVKKKPH | |
| 700 | 1 | |a Tóth, László |4 com | |
| 919 | |a 80-89032-39-7 | ||
| 998 | |a BK | ||
| 984 | |a Dunajská Streda | ||
| 090 | |g SCKHL |k Sklad Pribinova prízemie |a IV.190284 |j 960024 |i 2720021081 |s Absenčne | ||
| 090 | |g SCKHL |k Sklad Pribinova prízemie |a IV.190285 |j 960026 |i 2720021082 |s Absenčne | ||